And Then God Created the Middle East and Said: Let There Be Breaking News (Karl reMarks)
Salvato in:
| Autore principale: | |
|---|---|
| Natura: | Libro |
| Lingua: | inglese |
| Pubblicazione: |
London
SAQI
2018
|
| Edizione: | 1st Edition |
| Soggetti: | |
| Tags: |
Nessun Tag, puoi essere il primo ad aggiungerne!!
|
MARC
| LEADER | 00000nam a2200000 4500 | ||
|---|---|---|---|
| 001 | 0252854 | ||
| 005 | 20240221112554.4 | ||
| 020 | |a 978-0-86356-902-9 | ||
| 020 | |a 978-0-86356-907-4 | ||
| 041 | 0 | |a eng | |
| 044 | |a GB | ||
| 245 | 1 | 0 | |a And Then God Created the Middle East and Said: Let There Be Breaking News (Karl reMarks) |c Karl Sharro |
| 250 | |a 1st Edition | ||
| 264 | 1 | |a London |b SAQI |c 2018 | |
| 300 | |a 119 s. | ||
| 610 | 2 | 0 | |a regióny |
| 610 | 2 | 0 | |a obyvateľstvo |
| 610 | 2 | 0 | |a problémy spoločenské |
| 610 | 2 | 0 | |a geografia |
| 610 | 2 | 0 | |a vývoz |
| 610 | 2 | 0 | |a dovoz |
| 610 | 2 | 0 | |a etnikum |
| 610 | 2 | 0 | |a náboženstvo |
| 610 | 2 | 0 | |a harmonizácia |
| 610 | 2 | 0 | |a konflikty etnické |
| 610 | 2 | 0 | |a extrémizmus |
| 610 | 2 | 0 | |a vojny |
| 610 | 2 | 0 | |a demokracia |
| 610 | 2 | 0 | |a humor |
| 610 | 2 | 0 | |a Stredný východ |
| 100 | 1 | |a Sharro, Karl | |